| 000 | 00841nam a22002291i 4500 | ||
|---|---|---|---|
| 003 | SA-RiAUC | ||
| 005 | 20251031141833.0 | ||
| 008 | 251026s2002 le g 000 0 ara c | ||
| 040 |
_aJO-AmJU _bara _cSA-RiAUC _erda |
||
| 082 | 0 | 4 | _a251 |
| 090 |
_a251 _bر ا ف |
||
| 100 | 1 |
_aالرافعي، سالم بن عبد الغني _eمؤلف. |
|
| 245 | 1 | 0 |
_aضوابط الاختلاف الجائز والاختلاف المحرم / _cسالم عبد الغني الرافعي. |
| 264 | 1 |
_aبيروت : _bدار ابن حزم، _c2002 |
|
| 300 |
_a68 صفحة؛ _c21 سم. |
||
| 336 |
_aنص _btxt _2rdacontent _3كتاب |
||
| 337 |
_aبدون وسيط _bn _2rdamedia |
||
| 338 |
_aمجلد _bnc _2rdacarrier |
||
| 650 | 7 |
_aأصول الفقه الإسلامي _2aucsh |
|
| 942 |
_2ddc _cBOOK _n0 |
||
| 949 |
_aSA-JeALM _d251026 _umohamedma123 _n1 |
||
| 999 |
_c12898 _d12898 |
||